000 00609nam a2200241 i 4500
001 C2-0124808
003 PPAK
005 20180727114847.0
008 970907s enka|||| ||||| | eng d
020 _a0710505167
040 _aPPAK
_beng
_cPPAK
_erda
082 0 4 _a823
_223
090 0 0 _a823
_bLOS
_dK
245 0 0 _aLost in the Snow
264 1 _aEngland :
_bPeter Haddock ,
300 _a[n.p.] :
_bcolour illustrations ;
_c27 cm
336 _2rdacontent
_atext
337 _2rdamedia
_aunmediated
338 _2rdacarrier
_avolume
490 1 _aWillowbank
830 0 _aWillowbank
942 _ddc
_cB
999 _c36563
_d36563